| 000 | 00409nam a2200145Ia 4500 | ||
|---|---|---|---|
| 008 | 220217s9999||||xx |||||||||||||| ||und|| | ||
| 020 | _a81-203-206-6-0 | ||
| 082 | _a621.381 5 BOY | ||
| 100 | _aBoylestad, Robert, L Nashelsky, Louis | ||
| 245 | 0 | _aElectronic devices and circuit theory | |
| 250 | _a8th | ||
| 260 |
_aPrentice hall of india _bNew Delhi _c2002 |
||
| 300 | _b395 | ||
| 650 | _aCIRCUITRY | ||
| 999 |
_c171264 _d171264 |
||